| 000 | 00577nam a2200169Ia 4500 | ||
|---|---|---|---|
| 008 | 090201s9999 xx 000 0 und d | ||
| 010 | _aKPL-17855 | ||
| 040 | _bमराठी | ||
| 041 | _aमराठी | ||
| 082 |
_a9690 _b17855 |
||
| 100 | _aश्रीकृष्ण ठाकुर | ||
| 245 |
_aमीरा मला निरोप दे _cश्रीकृष्ण ठाकुर |
||
| 260 |
_c2004 _bसुनंदा प्रकाशन |
||
| 300 |
_a139 _bमोठा |
||
| 600 | _aमीरा मला निरोप दे | ||
| 942 | _cBOOK | ||
| 999 |
_c210191 _d210191 |
||